Countries with Embassies and Consulates in Lagos - Statistics

General Stats
  • This quiz has been taken 18 times
  • The average score is 17 of 22
Answer Stats
Continent Country % Correct
Africa Benin
92%
South America Brazil
92%
Africa Cameroon
92%
North America Canada
92%
Asia China
92%
Europe France
92%
Europe Germany
92%
Africa Ghana
92%
Europe United Kingdom
92%
North America United States of America
92%
Europe Italy
83%
Asia/ Europe Russia
83%
Africa Egypt
75%
Europe Greece
75%
Africa South Africa
75%
Europe Spain
75%
Asia South Korea
67%
Africa Burkina Faso
58%
Africa Guinea
58%
Europe Netherlands
58%
Africa Libya
50%
Africa Equatorial Guinea
42%
No matching quizzes found
Score Distribution
Percent of People with Each Score
Percentile by Number Answered
Your Score History
You have not taken this quiz